000 00491nam a2200181Ia 4500
003 GCL
008 140319s9999 xx 000 0 eng d
040 _aGCL /
_cGCL
082 0 4 _a391
_bC F
100 1 _aCRAIK, JENNFER
245 1 0 _aThe Face of Fashion: the Cuturel Studies in Fashion /
_cCRAIK, JENNFER
260 _a[S.N] :
_bROUTLEDGE ،
_c1993
300 _a249
650 0 4 _aCONSUME SOCIAL ASPECTS
650 0 4 _aFASHION
650 0 4 _aBODY, HUMAN SOCIAL ASPECTS
942 _2ddc
_cBK
999 _c17282
_d17282